00386nam a22001577a 4500003000500000008004100005020001800046038000900064082000800073100001700081240002000098245003900118246002000157260004100177300001000218NUST140108t xxu||||| |||| 00| 0 eng d a969-35-0928-5 aASAB aFic aAshfaq Ahmad aTilism hoshafza aTilisam hosh afzabscience fiction atilism hoshafza aLahorebSang e Meel Publishersc2005 a175 P